000 00565nam a2200181Ia 4500
003 IN-BaIIA
008 211028s9999 xx 000 0 eng d
020 _a0-8243-0933-2
040 _cIIA Library
080 _a047.1:52
_bARA-33
245 0 _aAnnual review of astronomy and astrophysics
_bvol. 33
_cedited by G. Burbidge and S. F Tuan
260 _aCalifornia
_bAnnual Reviews
_c1995
300 _aviii,656p
650 _aAnnual Reviews-Astronomy and Astrophysics
_98535
700 _aBurbidge,G., ed.
_914854
700 _aTuan, S. F., ed.
_918750
942 _cBK
999 _c11524
_d11524